F1 2024 – Résultats par Grand Prix : Djeddah - Statistiques

Statistiques générales
  • Ce quiz a été pris 13 fois
  • Le résultat moyen est 5 sur 8
Statistiques - réponses
Hint Réponse % Correct
Djeddah - P2 Leclerc
100%
Djeddah - Pole Verstappen
100%
Djeddah - P1 Verstappen
100%
Djeddah - P3 Norris
91%
Djeddah - Fastest Hamilton
55%
Djeddah - DNF 1 Gasly
36%
Djeddah - DOD Bearman
27%
Djeddah - DNF 2 Stroll
27%
Aucun quiz correspondant
Distribution des résultats
% des personnes avec chaque résultat
Percentile par nombre de réponses
Votre historique - résultats
Vous n’avez pas pris ce quiz